Normal view
MARC view
- McCormick,Jr. Barnes W
Entry Personal Name
001 - CONTROL NUMBER
- control field: 110499
003 - CONTROL NUMBER IDENTIFIER
- control field: NUST
005 - DATE AND TIME OF LATEST TRANSACTION
- control field: 20230317101143.0
008 - FIXED-LENGTH DATA ELEMENTS
- fixed length control field: 230317|| aca||aabn | a|a d
040 ## - CATALOGING SOURCE
- Original cataloging agency: NUST
- Transcribing agency: NUST
100 ## - HEADING--PERSONAL NAME
- Personal name: McCormick,Jr. Barnes W
670 ## - SOURCE DATA FOUND
- Source citation: Work cat.: (NUST): McCormick,Jr. Barnes W., Aerodynamics of V/STOL Flight /, 1999.
